| 000 | 00441nam a2200193Ia 4500 | ||
|---|---|---|---|
| 005 | 20250423095949.0 | ||
| 008 | 250422s9999 xx 000 0 und d | ||
| 020 | _a9781292010731 | ||
| 050 | _aKN 250 .A3/ | ||
| 100 | _aAdams, Alix. | ||
| 245 | 0 | _aLaw for business students | |
| 250 | _a7th ed. | ||
| 260 | _aHarlow | ||
| 260 | _bPearson | ||
| 260 | _c2010 | ||
| 300 | _a623 p | ||
| 650 | _aCommercial law--England. | ||
| 942 | _cBK | ||
| 999 |
_c31870 _d31870 |
||